000 00387nam a2200109Ia 4500
008 171204s9999 xx 000 0 und d
245 _aCycles, Sequels, Spin-offs, Remakes, and Reboots: Multiplicities in Film and Television:
245 _cAmanda Ann Klein and R. Barton Palmer
260 _c2016
650 _xINTRODUCTION TO FILM
856 _uhttp://down.ebook777.com/044/1477308172.pdf
999 _c346098
_d346098